000 00919nam0a2200325 4500
001 RU\NLR\bibl\30486
005 20250615022259.0
010 _a5-237-00929-4
_915000
021 _aRU
_b98-36570
_91745
035 _a(NLR Aleph) 000029685
090 _a147313
_c147313
100 _a19990531d1998 |||y0rusy50 ca
101 1 _arus
_ceng
102 _aRU
105 _ay|||z||||||a|
200 1 _aО Сюзанна!
_eроман
_fЛи Райкер
_g[пер. с англ. С.Б. Певчева]
210 _aМосква
_cАСТ
_d1998
215 _a524 с.
_d20
225 1 _aСтрасть
686 _aШ6(7США)67-440.4
700 1 _aРайкер
_bЛ.
_gЛи
_4070
702 1 _aПевчев
_bС. Б.
_4730
801 0 _aRU
_bNLR
_c19990531
_gPSBO
801 1 _aRU
_bNLR
_c19990531
852 _aNLR
_j99-3/4432
942 _cBOOK
980 _aNB